=LDR 00000nam 2200000 4500 =001 INLIS000000000030993 =005 20240918011624 =035 ##$$a 0010-061300000030993 =008 240918################b##########0#ind## =041 ##$$a ind =082 ##$$a 028.5 =090 ##$$a 028.5, Mua b =100 ##$$a Muakhir, Ali =245 1#$$a Bertobat dalam perut Paus : $b Regretting in a Whak's Woms /$c Ali Muakhir; penerjemah, Pratama Alamahdaly; editor, Imran Laha =260 ##$$a Jakarta :$b Bumi Aksara,$c (s.a) =300 ##$$a 23 hlm : $b ilus ; $c 19 cm =650 #4$$a Bacaan Kanak-kanak =850 ##$$a NBPNMAT =020 ##$$a 9789790104129 =084 ##$$a 028.5 MUA b =990 ##$$a 20901554 =990 ##$$a 20572057 =990 ##$$a 20901560 =990 ##$$a 20901554